| 000 | 00795cab a2200241 4500 | ||
|---|---|---|---|
| 001 | ABS59313 | ||
| 008 | 090401t1998 xxu||||| |||| 00| 0 eng d | ||
| 035 | _a(Sirsi) u88572 | ||
| 041 | _aeng | ||
| 100 | _aMinton, A. | ||
| 245 | _aPeer pressure | ||
| 260 | _c1998 | ||
| 350 | _a0 | ||
| 490 |
_aEstates Gazette _v(9836) 5 September 1998, 74-75(2) |
||
| 520 | _aAn interview with LEASE chairman, the Earl of Lytton, which discusses issues complicating leasehold reform. LEASE is the government`s advisory group looking at the Leasehold Reform Act 1993. | ||
| 650 | _aLEASE | ||
| 650 | _aLEASEHOLD REFORM, HOUSING AND URBAN DEVELOPMENT ACT 1993 | ||
| 650 | _aLEGISLATION | ||
| 650 | _aREFORM | ||
| 690 | _aLANDLORD AND TENANT-LEASEHOLD REFORM | ||
| 942 | _n0 | ||
| 948 | _c22/09/1998 | ||
| 999 |
_c55981 _d55981 |
||